Music Quiz

Random Music or Album Quiz

JANET JACKSON VIDEOS Quiz Stats

 Plays Quiz not verified by Sporcle

Score 0/49 Timer 06:00
0 Plays Today
ALBUMS VIDEOS % Correct
ALL FOR YOUALL FOR YOU
95.7%
RHYTHM NATION 1814RHYTHM NATION
95.2%
CONTROLCONTROL
92%
CONTROLNASTY
88.8%
JANET.IF
86.6%
THE VELVET ROPETOGETHER AGAIN
85%
RHYTHM NATION 1814MISS YOU MUCH
84.5%
JANET.THAT'S THE WAY LOVE GOES
82.4%
CONTROLWHAT HAVE YOU DONE FOR ME LATELY
80.2%
DISCIPLINEFEEDBACK
80.2%
RHYTHM NATION 1814ESCAPADE
78.1%
CONTROLPLEASURE PRINCIPLE
77%
RHYTHM NATION 1814LOVE WILL NEVER DO
76.5%
THE VELVET ROPEYOU
76.5%
RHYTHM NATION 1814COME BACK TO ME
75.4%
JANET.AGAIN
74.9%
ALL FOR YOUSOMEONE TO CALL MY LOVER
74.9%
JANET.ANY TIME ANY PLACE
73.8%
RHYTHM NATION 1814BLACK CAT
73.8%
DESIGN OF A DECADERUNAWAY
73.3%
RHYTHM NATION 1814ALRIGHT
72.2%
THE VELVET ROPEI GET LONELY
71.7%
THE VELVET ROPEGO DEEP
70.6%
JANET.YOU WANT THIS
70.1%
THE VELVET ROPEGOT TIL IT'S GONE
68.4%
ALBUMS VIDEOS % Correct
CONTROLLET'S WAIT AWHILE
67.4%
ALL FOR YOUSON OF A GUN
66.8%
20 Y.OCALL ON ME
66.8%
20 Y.OSO EXCITED
65.8%
CONTROLWHEN I THINK OF YOU
65.8%
ALL FOR YOUDOESN'T REALLY MATTER
64.7%
DAMIT AJOALL NITE
63.1%
FEAT.SCREAM
61%
DAMITA JOI WANT YOU
59.4%
NUMBER ONESMAKE ME
59.4%
JANET.BECAUSE OF LOVE
58.3%
FEAT.WHAT'S IT GONNA BE
57.8%
DESIGN OF A DECADETWENTY FOREPLAY
55.6%
THE VELVET ROPEEVERYTIME
54%
DAMITA JOJUST A LITTLE WHILE
50.3%
DISCIPLINEROCK WITH U
48.7%
FEAT.FEEL IT BOY
46.5%
JANET.WHOOPS NOW
46%
RHYTHM NATION 1814THE KNOWLEDGE
44.9%
DREAMSTREETDREAMSTREET
42.2%
JANET ICONNOTHING
39%
FEAT.DIAMONDS
34.2%
JANET.WHAT'LL I DO
28.9%
FEAT.BOYFRIEND GIRLFRIEND
21.4%

You're not logged in!

Compare scores with friends on all Sporcle quizzes.
OR
Log In

Show Comments

Extras

Created Oct 18, 2010ReportNominate
Tags:Album Quiz, jackson, janet, video

Top Quizzes Today


Score Distribution

Your Account Isn't Verified!

In order to create a playlist on Sporcle, you need to verify the email address you used during registration. Go to your Sporcle Settings to finish the process.

Report this User

Report this user for behavior that violates our Community Guidelines.

Details: